Filosofía de la educación /

Guardado en:
Autor Principal: González Alvarez, Angel
Formato: Libro
Publicado: Argentina : Troquel
Edición:5a. ed.
Series:Biblioteca de Filosofía
Materias:
Etiquetas: Agregar Etiqueta
Sin Etiquetas, Sea el primero en etiquetar este registro!
LEADER 00854nam a22002175a 4500
001 CEM.cems003126
005 20080213152259.0
008 130507b######################000#0#####d
003 CEMS
082 0 4 |a 370.1 
100 1 |a González Alvarez, Angel 
245 1 0 |a Filosofía de la educación /  |c Angel González Alvarez 
250 |a 5a. ed. 
260 |a Argentina :  |b Troquel 
300 |a 171 p. 
490 0 |a Biblioteca de Filosofía 
505 0 |a La estructura entitativa de la educación -- La estructura esencial de la educación -- El proceso educativo -- La realización de la educación -- La regulación del proceso educativo -- Los fines de la educación 
653 |a Educación 
653 |a Educación-fines 
859 |a CEMS  |b BIB. CEMS - 11 de abril  |h 370.1  |i G589a5  |p 12974.84  |t Ej.1 
859 |a CEMS  |b BIB. CEMS - 11 de abril  |h 370.1  |i G589a5  |p 264.73  |t Ej.2